[Event "Maresme op 16th"]
[Site "Maresme"]
[Date "2019.11.23"]
[Round "7"]
[White "Garcia Argemi, Josep"]
[Black "Lopez Agustench, Eduard"]
[Result "0-1"]
[WhiteElo "1691"]
[BlackElo "2229"]
[PlyCount "70"]
[EventDate "2019.09.29"]
[EventType "swiss"]
[EventRounds "8"]
[EventCountry "ESP"]
[SourceTitle "CBM 193 Extra"]
[Source "ChessBase"]
[SourceDate "2020.01.31"]
[SourceVersion "1"]
[SourceVersionDate "2020.01.31"]
[SourceQuality "1"]

1. Nf3 d5 2. d4 Nf6 3. g3 Bf5 4. Bg2 e6 5. Bg5 Be7 6. 0-0 Nbd7 7. Nbd2 h6 8. Bxf6 Nxf6 9. Ne5 0-0 10. c4 c6 11. c5 Qc7 12. f4 a5 13. Rc1 Rfc8 14. h3 Bh7 15. e3 b6 16. cxb6 Qxb6 17. b3 Ba3 18. Rb1 Bxb1 19. Qxb1 Bb4 20. Ndf3 c5 21. f5 exf5 22. Qxf5 Qe6 23. Qf4 Ra7 24. g4 Ne4 25. h4 f6 26. Nd3 g5 27. Qh2 Qxg4 28. dxc5 Qg3 29. hxg5 hxg5 30. Qh6 Rg7 31. Nd4 Qxe3+ 32. Rf2 Qxd4 33. Bxe4 dxe4 34. Ne5 Qxe5 35. Rh2 Bxc5+ 0-1

[Event "Roncana op-A 12th"]
[Site "Santa Eulalia de Roncana"]
[Date "2018.10.06"]
[Round "2"]
[White "Lopez Agustench, Eduard"]
[Black "Prats Safont, Sergi"]
[Result "1/2-1/2"]
[WhiteElo "2236"]
[BlackElo "1929"]
[PlyCount "72"]
[EventDate "2018.09.29"]
[EventType "swiss"]
[EventRounds "8"]
[EventCountry "ESP"]
[SourceTitle "CBM 187 Extra"]
[Source "ChessBase"]
[SourceDate "2018.11.04"]
[SourceVersion "1"]
[SourceVersionDate "2018.11.04"]
[SourceQuality "1"]

1. d4 Nf6 2. Bf4 e6 3. e3 c5 4. c3 d5 5. Nf3 Nc6 6. Nbd2 Bd6 7. Bg3 0-0 8. Bd3 b6 9. e4 dxe4 10. Nxe4 Be7 11. Nxf6+ Bxf6 12. Be4 Bb7 13. Qa4 Na5 14. dxc5 bxc5 15. Rd1 Qb6 16. Bxb7 Nxb7 17. 0-0 Rfd8 18. Qe4 Rxd1 19. Rxd1 Rd8 20. Rxd8+ Nxd8 21. Qa4 Nc6 22. h4 g6 23. Bd6 Kg7 24. h5 gxh5 25. Qc4 Be7 26. Bxe7 Nxe7 27. Qh4 Nf5 28. Qxh5 Qxb2 29. Qg5+ Kf8 30. Qd8+ Kg7 31. Qg5+ Kf8 32. g4 Qxc3 33. gxf5 Qxf3 34. Qd8+ Kg7 35. Qg5+ Kf8 36. Qd8+ Kg7 1/2-1/2

[Event "Sant Adria op 14th"]
[Site "Sant Adria de Besos"]
[Date "2018.04.29"]
[Round "2.3"]
[White "Lopez Agustench, Eduard"]
[Black "Vigier Lopez, Carlos"]
[Result "1-0"]
[WhiteElo "2340"]
[BlackElo "1984"]
[PlyCount "135"]
[EventDate "2018.04.15"]
[EventType "swiss"]
[EventRounds "9"]
[EventCountry "ESP"]
[SourceTitle "EXT 2024"]
[Source "ChessBase"]
[SourceDate "2023.10.10"]
[SourceVersion "1"]
[SourceVersionDate "2023.10.10"]
[SourceQuality "1"]

1. d4 Nf6 2. Nf3 e6 3. c4 d5 4. cxd5 exd5 5. Nc3 Be7 6. Bg5 0-0 7. e3 Bf5 8. Bxf6 Bxf6 9. Qb3 c6 10. Qxb7 Qb6 11. Qxb6 axb6 12. Kd2 Nd7 13. Bd3 Be6 14. h3 c5 15. Bb5 Rad8 16. Rhd1 c4 17. Ke2 Nb8 18. Kf1 Bf5 19. Kg1 Rd6 20. Rac1 Rfd8 21. a3 Nc6 22. Ba4 Na7 23. Ne1 Bg5 24. Bc2 Be6 25. Bb1 b5 26. Nc2 f5 27. g3 Bh6 28. h4 g5 29. hxg5 Bxg5 30. Kg2 Bf7 31. Rh1 Bg6 32. Ne1 Rb6 33. Nf3 Bf6 34. Nh4 Bxh4 35. Rxh4 b4 36. axb4 Rxb4 37. Nd1 Nb5 38. Kf3 Rb8 39. Bc2 Nd6 40. Ra1 Ne4 41. Bxe4 fxe4+ 42. Ke2 Be8 43. Ra7 R4b7 44. Ra2 Rb4 45. Ke1 Ba4 46. Nc3 Bc6 47. Rh6 Be8 48. Rha6 Rxb2 49. Rxb2 Rxb2 50. Nxd5 Bb5 51. Rb6 Rb3 52. Kd2 Rd3+ 53. Kc1 Ba4 54. Rb8+ Kg7 55. Rc8 Rd1+ 56. Kb2 Bb3 57. Kc3 Rc1+ 58. Kb4 Rc2 59. Rc7+ Kg6 60. Nc3 Rxf2 61. d5 Rd2 62. Kc5 Kf5 63. d6 Ke6 64. Rxh7 Rd3 65. Re7+ Kf5 66. g4+ Kxg4 67. Rxe4+ Kf3 68. Rd4 1-0

[Event "Sant Adria op 14th"]
[Site "Sant Adria de Besos"]
[Date "2018.04.15"]
[Round "1.3"]
[White "Falomir Ballega, Sergi"]
[Black "Lopez Agustench, Eduard"]
[Result "0-1"]
[WhiteElo "1904"]
[BlackElo "2340"]
[PlyCount "102"]
[EventDate "2018.04.15"]
[EventType "swiss"]
[EventRounds "9"]
[EventCountry "ESP"]
[SourceTitle "EXT 2024"]
[Source "ChessBase"]
[SourceDate "2023.10.10"]
[SourceVersion "1"]
[SourceVersionDate "2023.10.10"]
[SourceQuality "1"]

1. d4 d5 2. Nf3 Nf6 3. e3 c5 4. b3 Nc6 5. Bd3 g6 6. Bb2 cxd4 7. exd4 Bg7 8. 0-0 0-0 9. c4 Bg4 10. Nbd2 Nh5 11. h3 Bxf3 12. Nxf3 dxc4 13. Bxc4 Nf4 14. Qd2 Nd5 15. Rfe1 e6 16. Rac1 a6 17. Ne5 Nce7 18. Ba3 Re8 19. Bxd5 Nxd5 20. Rc2 Qh4 21. Nf3 Qh6 22. Ng5 Bf6 23. Bc1 Bxg5 24. Qxg5 Qxg5 25. Bxg5 Kg7 26. Rec1 h6 27. Be3 Red8 28. a4 Rd7 29. Kf1 Rad8 30. Rc4 Ne7 31. Rc7 Nc6 32. Rxd7 Rxd7 33. Rc4 Rd5 34. Rc5 Rd7 35. Ke2 Nxd4+ 36. Bxd4+ Rxd4 37. Rc3 h5 38. Rd3 Rb4 39. Kd2 Kf6 40. Kc3 a5 41. Rd4 Rb6 42. b4 Rc6+ 43. Rc4 axb4+ 44. Kxb4 Rxc4+ 45. Kxc4 Ke7 46. Kc5 Kd7 47. Kb6 Kc8 48. f4 h4 49. Kc5 Kc7 50. a5 f6 51. Kd4 Kc6 0-1

[Event "Roncana op 11th"]
[Site "Santa Eulalia de Roncana"]
[Date "2017.11.11"]
[Round "7"]
[White "Lopez Agustench, Eduard"]
[Black "Rojano Alfonso, Carlos"]
[Result "1-0"]
[WhiteElo "2184"]
[BlackElo "2182"]
[PlyCount "71"]
[EventDate "2017.09.23"]
[EventType "swiss"]
[EventRounds "8"]
[EventCountry "ESP"]
[SourceTitle "CBM 187 Extra"]
[Source "ChessBase"]
[SourceDate "2018.11.04"]
[SourceVersion "1"]
[SourceVersionDate "2018.11.04"]
[SourceQuality "1"]

1. d4 g6 2. Bf4 Bg7 3. e3 d6 4. Nf3 f5 5. Be2 Nf6 6. h3 0-0 7. 0-0 h6 8. Bh2 Qe8 9. c4 g5 10. Nc3 c6 11. Rc1 g4 12. hxg4 Nxg4 13. Bg3 Nd7 14. b4 e5 15. c5 f4 16. exf4 exf4 17. Bh4 d5 18. Re1 Ndf6 19. Bd3 Qh5 20. Qc2 Ne4 21. Nxe4 dxe4 22. Bxe4 Bf5 23. b5 Kh8 24. bxc6 bxc6 25. Qc4 Bxe4 26. Rxe4 Bf6 27. Bxf6+ Rxf6 28. Rce1 Rg8 29. Qe2 Rfg6 30. Re8 Nf6 31. Rxg8+ Kxg8 32. Qe6+ Kh8 33. Ne5 f3 34. Nxg6+ Qxg6 35. Qc8+ Ng8 36. Qh3 1-0

[Event "Roncana op 11th"]
[Site "Santa Eulalia de Roncana"]
[Date "2017.10.28"]
[Round "5"]
[White "Ayats Llobera, Gerard"]
[Black "Lopez Agustench, Eduard"]
[Result "0-1"]
[WhiteElo "2325"]
[BlackElo "2184"]
[PlyCount "78"]
[EventDate "2017.09.23"]
[EventType "swiss"]
[EventRounds "8"]
[EventCountry "ESP"]
[SourceTitle "CBM 187 Extra"]
[Source "ChessBase"]
[SourceDate "2018.11.04"]
[SourceVersion "1"]
[SourceVersionDate "2018.11.04"]
[SourceQuality "1"]

1. e4 c5 2. Nf3 e6 3. d4 cxd4 4. Nxd4 a6 5. Bd3 Nc6 6. Nxc6 dxc6 7. f4 e5 8. fxe5 Nh6 9. Nd2 Ng4 10. Nc4 Nxe5 11. Nxe5 Qa5+ 12. Bd2 Qxe5 13. Bc3 Qf4 14. Qf3 Qxf3 15. gxf3 Be6 16. Rg1 f6 17. f4 0-0-0 18. 0-0-0 Rg8 19. f5 Bf7 20. e5 Bc5 21. Rg3 fxe5 22. Bxe5 Bd6 23. Rxg7 Rxg7 24. Bxg7 Bxh2 25. f6 Bf4+ 26. Kb1 h5 27. b3 h4 28. Bf5+ Kc7 29. Re1 Bd6 30. a4 Bc5 31. Re4 Rd4 32. Re1 Rf4 33. Bh3 Rf2 34. Re4 Bg6 35. Rc4 Bd6 36. Be6 Be5 37. Bh3 Rh2 38. Bf1 Rh1 39. f7 Rxf1+ 0-1

[Event "Sant Adria de Besos op 12th"]
[Site "Sant Adria de Besos"]
[Date "2016.04.17"]
[Round "2"]
[White "Lopez Agustench, Eduard"]
[Black "Sanchez Artigas, Antoni"]
[Result "1-0"]
[WhiteElo "2312"]
[BlackElo "1946"]
[PlyCount "95"]
[EventDate "2016.04.10"]
[EventType "swiss"]
[EventRounds "9"]
[EventCountry "ESP"]
[SourceTitle "EXT 2017"]
[Source "ChessBase"]
[SourceDate "2016.10.25"]
[SourceVersion "1"]
[SourceVersionDate "2016.10.25"]
[SourceQuality "1"]

1. d4 d6 2. Nf3 c6 3. c4 Qa5+ 4. Bd2 Qc7 5. Nc3 e5 6. e4 Bg4 7. Be3 Nd7 8. Be2 Be7 9. 0-0 Bh5 10. d5 Ngf6 11. Nd2 Bxe2 12. Qxe2 a6 13. Rfc1 0-0 14. Rab1 c5 15. a3 Rab8 16. b4 b6 17. Kh1 h6 18. g3 Nh7 19. Qd3 Ndf6 20. f3 Qd7 21. g4 Ng5 22. Bxg5 hxg5 23. Nf1 Qc7 24. Ne3 g6 25. Rb2 Nd7 26. Rbc2 Kg7 27. Na2 Rh8 28. Rb2 Rh3 29. Nf1 Nf6 30. Qe2 Nd7 31. Kg2 Rhh8 32. Nd2 Rhc8 33. Nb3 Qa7 34. Rbc2 a5 35. Qd3 Rb7 36. Qd2 a4 37. Na1 Ra8 38. Nc3 Qb8 39. Nb5 Nf6 40. Rb2 Ne8 41. Rcb1 Nc7 42. bxc5 Nxb5 43. Rxb5 dxc5 44. Qb2 Ra6 45. Nc2 Qd6 46. Ne1 Bd8 47. Nd3 f6 48. Nxc5 1-0

[Event "Catalunya-chT GpA final"]
[Site "Barcelona"]
[Date "2015.03.14"]
[Round "8.2"]
[White "Lopez Agustench, Eduard"]
[Black "Raineri de Luca, Pablo"]
[Result "1/2-1/2"]
[WhiteElo "2201"]
[BlackElo "2266"]
[PlyCount "53"]
[EventDate "2015.03.14"]
[EventType "team-tourn"]
[EventRounds "11"]
[EventCountry "ESP"]
[SourceTitle "EXT 2016"]
[Source "ChessBase"]
[SourceDate "2015.10.08"]
[SourceVersion "1"]
[SourceVersionDate "2015.10.08"]
[SourceQuality "1"]
[WhiteTeam "Barcelona Escola Escacs"]
[BlackTeam "Sant Josep de Badalona"]
[WhiteTeamCountry "ESP"]
[BlackTeamCountry "ESP"]

1. d4 d5 2. Nf3 c6 3. e3 Nf6 4. c4 e6 5. b3 Bb4+ 6. Nbd2 Nbd7 7. Qc2 Qe7 8. Bb2 0-0 9. Bd3 dxc4 10. bxc4 Bd6 11. Ne5 Rd8 12. 0-0 Nf8 13. f4 Bxe5 14. fxe5 Ng4 15. Rae1 Nxe5 16. dxe5 Qd7 17. Bd4 c5 18. Bxc5 Qxd3 19. Qxd3 Rxd3 20. Ne4 Bd7 21. Ng5 b6 22. Bd4 Be8 23. Ne4 Ng6 24. Rd1 Rxd1 25. Rxd1 Bc6 26. Nd6 Rd8 27. Bc3 1/2-1/2

[Event "Catalunya-chT Gp2"]
[Site "Barcelona"]
[Date "2015.01.24"]
[Round "1.4"]
[White "Lopez Agustench, Eduard"]
[Black "Sadrija, Enver"]
[Result "1/2-1/2"]
[WhiteElo "2201"]
[BlackElo "2184"]
[PlyCount "66"]
[EventDate "2015.01.24"]
[EventType "team-tourn"]
[EventRounds "7"]
[EventCountry "ESP"]
[SourceTitle "CBM 164 Extra"]
[Source "ChessBase"]
[SourceDate "2015.03.02"]
[SourceVersion "1"]
[SourceVersionDate "2015.03.02"]
[SourceQuality "1"]
[WhiteTeam "Barcelona Escola Escacs"]
[BlackTeam "Terrassa"]
[WhiteTeamCountry "ESP"]
[BlackTeamCountry "ESP"]

1. d4 d5 2. Nf3 Nf6 3. c4 dxc4 4. Qa4+ Nc6 5. Qxc4 Bg4 6. Nbd2 Qd5 7. Qxd5 Nxd5 8. a3 e6 9. e3 a6 10. Be2 f6 11. h3 Bh5 12. Nb3 Bf7 13. Nc5 Bxc5 14. dxc5 e5 15. Nd2 0-0 16. Nc4 Rfd8 17. Bd2 g6 18. b4 Rd7 19. f3 Re8 20. Kf2 Kg7 21. Rhd1 Red8 22. Be1 Be6 23. Rdc1 Nde7 24. g4 h5 25. Rab1 hxg4 26. hxg4 Rh8 27. Kg2 Nd5 28. Bg3 g5 29. Kf2 Rh3 30. Bf1 Rh1 31. Be2 Rh3 32. Bf1 Rh1 33. Be2 Rh3 1/2-1/2

[Event "Barcelona Catalunya op 26th"]
[Site "Barcelona"]
[Date "2014.11.29"]
[Round "9"]
[White "Lopez Agustench, Eduard"]
[Black "Hernando Rodrigo, Julio Antonio"]
[Result "1/2-1/2"]
[WhiteElo "2317"]
[BlackElo "2386"]
[PlyCount "21"]
[EventDate "2014.09.27"]
[EventType "swiss"]
[EventRounds "9"]
[EventCountry "ESP"]
[SourceTitle "EXT 2017"]
[Source "ChessBase"]
[SourceDate "2016.10.25"]
[SourceVersion "1"]
[SourceVersionDate "2016.10.25"]
[SourceQuality "1"]

1. d4 Nf6 2. Nf3 g6 3. Nc3 d5 4. Bf4 Bg7 5. e3 0-0 6. Be2 c5 7. Ne5 cxd4 8. exd4 Nc6 9. 0-0 Qb6 10. Nxc6 Qxc6 11. Bb5 1/2-1/2

[Event "Barcelona Catalunya op 26th"]
[Site "Barcelona"]
[Date "2014.11.22"]
[Round "8"]
[White "Lopez Agustench, Eduard"]
[Black "Ayala Abenza, Jose Luis"]
[Result "1-0"]
[WhiteElo "2317"]
[BlackElo "2177"]
[PlyCount "129"]
[EventDate "2014.09.27"]
[EventType "swiss"]
[EventRounds "9"]
[EventCountry "ESP"]
[SourceTitle "EXT 2017"]
[Source "ChessBase"]
[SourceDate "2016.10.25"]
[SourceVersion "1"]
[SourceVersionDate "2016.10.25"]
[SourceQuality "1"]

1. d4 e6 2. c4 d5 3. Nf3 c6 4. Qb3 f5 5. g3 Nf6 6. Bg2 Ne4 7. Bf4 Bd6 8. Bxd6 Nxd6 9. Nbd2 0-0 10. e3 Nd7 11. 0-0 Ne4 12. Qc2 Nxd2 13. Nxd2 Nf6 14. Nf3 Bd7 15. Rfc1 Rc8 16. c5 Be8 17. Ne5 Ng4 18. Qd2 Qf6 19. f4 Qh6 20. Bf1 Nxe5 21. dxe5 g5 22. b4 Bh5 23. Bg2 a6 24. a4 Be8 25. Rab1 Rc7 26. Bf1 gxf4 27. exf4 Qh5 28. Rc3 Bd7 29. Kh1 Kh8 30. Be2 Qh6 31. Qd4 Rcc8 32. Rcb3 Ra8 33. Qb2 Rfc8 34. Rg1 Rg8 35. Qd4 Qh3 36. Qd1 Qh6 37. Rb2 Rg7 38. Qd4 Rag8 39. Rb3 Be8 40. Qd1 Qh3 41. Qf1 Qh6 42. Qf3 Qh3 43. Qg2 Qh6 44. b5 axb5 45. axb5 cxb5 46. Qf3 Rc7 47. Qe3 Qf8 48. Rc1 Bc6 49. Qd4 Qe8 50. Rcb1 Qa8 51. Ra1 Qf8 52. Kg2 Qe8 53. Kf2 Qf8 54. Rc1 Qh6 55. Kg2 Ra8 56. Bxb5 Bxb5 57. Rxb5 Qh5 58. Rb2 Ra3 59. Rc3 Rxc3 60. Qxc3 Qd1 61. Qa5 Rc8 62. Qb5 Qd4 63. Qxb7 Qxc5 64. Qf7 Qc6 65. Rb7 1-0

[Event "Barcelona Catalunya op 26th"]
[Site "Barcelona"]
[Date "2014.10.11"]
[Round "3"]
[White "Lopez Agustench, Eduard"]
[Black "Marina de la Torre, Ivan"]
[Result "1/2-1/2"]
[WhiteElo "2317"]
[BlackElo "2110"]
[PlyCount "61"]
[EventDate "2014.09.27"]
[EventType "swiss"]
[EventRounds "9"]
[EventCountry "ESP"]
[SourceTitle "EXT 2017"]
[Source "ChessBase"]
[SourceDate "2016.10.25"]
[SourceVersion "1"]
[SourceVersionDate "2016.10.25"]
[SourceQuality "1"]

1. d4 Nf6 2. Nf3 c5 3. d5 b5 4. Bg5 Ne4 5. Bf4 Qa5+ 6. Nbd2 d6 7. a4 Nxd2 8. Nxd2 b4 9. Nc4 Qc7 10. e4 Nd7 11. Bd3 g6 12. Qd2 Bg7 13. Bh6 0-0 14. h4 Nb6 15. Bxg7 Kxg7 16. h5 Nxc4 17. Bxc4 Rh8 18. hxg6 fxg6 19. Qh6+ Kg8 20. Rh4 e5 21. dxe6 Qe7 22. Bd5 Rb8 23. 0-0-0 Bxe6 24. Rf4 b3 25. cxb3 Bxd5 26. Rxd5 Rxb3 27. e5 Rb8 28. exd6 Qe1+ 29. Rd1 Qe5 30. Rd2 Qe1+ 31. Rd1 1/2-1/2

[Event "Sant Adria de Besos op 10th"]
[Site "Sant Adria de Besos"]
[Date "2014.06.15"]
[Round "7"]
[White "Lopez Agustench, Eduard"]
[Black "Capellades Subirana, Marc"]
[Result "1/2-1/2"]
[WhiteElo "2204"]
[BlackElo "2245"]
[PlyCount "61"]
[EventDate "2014.05.04"]
[EventType "swiss"]
[EventRounds "8"]
[EventCountry "ESP"]
[SourceTitle "EXT 2015"]
[Source "ChessBase"]
[SourceDate "2014.11.20"]
[SourceVersion "1"]
[SourceVersionDate "2014.11.20"]
[SourceQuality "1"]

1. d4 Nf6 2. Nf3 e6 3. c4 Bb4+ 4. Bd2 Bxd2+ 5. Qxd2 0-0 6. g3 Ne4 7. Qc2 f5 8. Bg2 d6 9. Nbd2 Nxd2 10. Qxd2 Nd7 11. 0-0 h6 12. Qd3 Qe8 13. e4 e5 14. dxe5 Nc5 15. Qd4 fxe4 16. Nd2 Qxe5 17. Qxe5 dxe5 18. Nxe4 Nxe4 19. Bxe4 Be6 20. b3 c6 21. f3 Rad8 22. Rf2 Rd4 23. Re1 Rfd8 24. Rfe2 Rd2 25. Kf2 Kf7 26. Rxd2 Rxd2+ 27. Re2 Rxe2+ 28. Kxe2 Ke7 29. Kd3 Kd6 30. Kc3 b6 31. Kb4 1/2-1/2

[Event "Sant Adria de Besos op 10th"]
[Site "Sant Adria de Besos"]
[Date "2014.05.11"]
[Round "2"]
[White "Lopez Agustench, Eduard"]
[Black "Ventura Bolet, Alexandre"]
[Result "1/2-1/2"]
[WhiteElo "2204"]
[BlackElo "1947"]
[PlyCount "62"]
[EventDate "2014.05.04"]
[EventType "swiss"]
[EventRounds "8"]
[EventCountry "ESP"]
[SourceTitle "EXT 2015"]
[Source "ChessBase"]
[SourceDate "2014.11.20"]
[SourceVersion "1"]
[SourceVersionDate "2014.11.20"]
[SourceQuality "1"]

1. e4 Nf6 2. e5 Nd5 3. d4 d6 4. c4 Nb6 5. exd6 exd6 6. Nc3 Nc6 7. Be3 Be7 8. Qf3 0-0 9. 0-0-0 Be6 10. c5 Nd7 11. d5 Nce5 12. Qe2 Bf5 13. h3 g5 14. g4 Bg6 15. h4 f5 16. h5 f4 17. hxg6 fxe3 18. Qxe3 Nxg6 19. Bd3 Nde5 20. Bxg6 Nxg6 21. Qe6+ Kg7 22. Nge2 Rf6 23. Qe3 Rf7 24. Nd4 Qd7 25. Ne6+ Kg8 26. Ne4 Re8 27. N4xg5 Bxg5 28. Qxg5 Qa4 29. f4 Qxa2 30. Rh2 Qa1+ 31. Kc2 Qa4+ 1/2-1/2

[Event "Catalunya-chT"]
[Site "Catalunya"]
[Date "2014.01.25"]
[Round "1.4"]
[White "Lopez Agustench, Eduard"]
[Black "Marques Taltavull, Antonio"]
[Result "0-1"]
[WhiteElo "2201"]
[BlackElo "2134"]
[PlyCount "138"]
[EventDate "2014.01.25"]
[EventType "team"]
[EventRounds "11"]
[EventCountry "ESP"]
[SourceTitle "CBM 158 Extra"]
[Source "ChessBase"]
[SourceDate "2014.02.28"]
[SourceVersion "1"]
[SourceVersionDate "2014.02.28"]
[SourceQuality "1"]
[WhiteTeam "Barcelona Escola Escacs"]
[BlackTeam "Tres Peons"]
[WhiteTeamCountry "ESP"]
[BlackTeamCountry "ESP"]

1. d4 e6 2. Nf3 Nf6 3. c4 b6 4. g3 Bb7 5. Bg2 Be7 6. 0-0 0-0 7. Re1 Na6 8. a3 d5 9. cxd5 exd5 10. Nc3 c5 11. Bf4 Nc7 12. Bxc7 Qxc7 13. Rc1 Rad8 14. e3 Rfe8 15. Ne5 a6 16. f4 Bd6 17. g4 Bxe5 18. fxe5 Ne4 19. Rf1 Nxc3 20. Rxc3 c4 21. Rf4 Bc8 22. g5 Re6 23. Qh5 h6 24. h4 Qe7 25. Rc2 Rg6 26. Rcf2 Be6 27. e4 hxg5 28. hxg5 Qxg5 29. Qxg5 Rxg5 30. exd5 Bxd5 31. Kf1 Bxg2+ 32. Rxg2 Rxg2 33. Kxg2 Kf8 34. Kf3 Ke7 35. Ke4 Ke6 36. Rg4 f5+ 37. exf6 gxf6 38. Rg6 Rh8 39. d5+ Kf7 40. Rg2 Rh4+ 41. Ke3 Ke7 42. Rf2 b5 43. a4 Rh6 44. axb5 axb5 45. Kd4 Kd6 46. Rf4 Rg6 47. b3 cxb3 48. Rf1 b2 49. Kc3 Kxd5 50. Kxb2 Ke4 51. Re1+ Kd3 52. Rd1+ Ke4 53. Re1+ Kd5 54. Rd1+ Ke6 55. Kc3 Rg4 56. Rb1 b4+ 57. Kd3 f5 58. Ke3 Ke5 59. Ra1 Rg3+ 60. Kf2 Rb3 61. Ra8 Kf4 62. Rf8 Rb2+ 63. Kf1 b3 64. Rb8 Kf3 65. Kg1 f4 66. Rb7 Rb1+ 67. Kh2 Kf2 68. Kh3 f3 69. Kg4 Kg2 0-1

[Event "Catalunya-chT Honor"]
[Site "Catalunya"]
[Date "2013.04.13"]
[Round "11.9"]
[White "Lopez Agustench, Eduard"]
[Black "Rafiee, Makan"]
[Result "1/2-1/2"]
[WhiteElo "2231"]
[BlackElo "2148"]
[PlyCount "68"]
[EventDate "2013.01.19"]
[EventType "team-tourn"]
[EventRounds "11"]
[EventCountry "ESP"]
[SourceTitle "EXT 2014"]
[Source "ChessBase"]
[SourceDate "2013.11.20"]
[SourceVersion "1"]
[SourceVersionDate "2013.11.20"]
[SourceQuality "1"]
[WhiteTeam "Barcelona Escola Escacs"]
[BlackTeam "Barbera"]
[WhiteTeamCountry "ESP"]
[BlackTeamCountry "ESP"]

1. e4 c5 2. Nc3 Nc6 3. f4 g6 4. Nf3 Bg7 5. Bb5 Nd4 6. Bd3 d6 7. Nxd4 cxd4 8. Ne2 e5 9. 0-0 Nf6 10. Bb5+ Bd7 11. Bxd7+ Nxd7 12. d3 0-0 13. f5 Rc8 14. c4 dxc3 15. Nxc3 Qb6+ 16. Kh1 Nf6 17. Qe2 d5 18. exd5 Qd6 19. Ne4 Qxd5 20. Bg5 Nxe4 21. dxe4 Qc4 22. Qe3 f6 23. Bh4 g5 24. Bf2 Rfd8 25. Rfc1 Qb5 26. Rxc8 Rxc8 27. Rc1 Rxc1+ 28. Qxc1 Qe2 29. Qc8+ Bf8 30. Bg1 Qxe4 31. Qe6+ Kg7 32. Qd7+ Kg8 33. Qe6+ Kg7 34. Qd7+ Kg8 1/2-1/2

[Event "Catalunya-chT Honor"]
[Site "Catalunya"]
[Date "2013.04.06"]
[Round "10.8"]
[White "Lopez Agustench, Eduard"]
[Black "Anguera Maestro, Jaime"]
[Result "1/2-1/2"]
[WhiteElo "2231"]
[BlackElo "2132"]
[PlyCount "55"]
[EventDate "2013.01.19"]
[EventType "team-tourn"]
[EventRounds "11"]
[EventCountry "ESP"]
[SourceTitle "EXT 2014"]
[Source "ChessBase"]
[SourceDate "2013.11.20"]
[SourceVersion "1"]
[SourceVersionDate "2013.11.20"]
[SourceQuality "1"]
[WhiteTeam "Barcelona Escola Escacs"]
[BlackTeam "Sant Andreu"]
[WhiteTeamCountry "ESP"]
[BlackTeamCountry "ESP"]

1. d4 d5 2. Nf3 Nf6 3. c4 c6 4. e3 Bf5 5. Nc3 e6 6. Nh4 Bg6 7. Nxg6 hxg6 8. a3 Bd6 9. g3 Nbd7 10. c5 Bc7 11. b4 e5 12. Bg2 e4 13. 0-0 Nh7 14. Bd2 f5 15. b5 Ndf6 16. bxc6 bxc6 17. Rb1 Ng5 18. h4 Ne6 19. f4 exf3 20. Qxf3 Ne4 21. Be1 Rb8 22. Rxb8 Qxb8 23. Nxe4 dxe4 24. Qf2 0-0 25. Qa2 Re8 26. Kh2 Qd8 27. Kh1 Qb8 28. Kh2 1/2-1/2

[Event "Catalunya-chT Honor"]
[Site "Catalunya"]
[Date "2013.03.02"]
[Round "7.8"]
[White "Lopez Agustench, Eduard"]
[Black "San Pedro Lopez, Karen"]
[Result "1-0"]
[WhiteElo "2231"]
[BlackElo "2171"]
[PlyCount "164"]
[EventDate "2013.01.19"]
[EventType "team-tourn"]
[EventRounds "11"]
[EventCountry "ESP"]
[SourceTitle "EXT 2014"]
[Source "ChessBase"]
[SourceDate "2013.11.20"]
[SourceVersion "1"]
[SourceVersionDate "2013.11.20"]
[SourceQuality "1"]
[WhiteTeam "Barcelona Escola Escacs"]
[BlackTeam "Sitges"]
[WhiteTeamCountry "ESP"]
[BlackTeamCountry "ESP"]

1. d4 Nf6 2. Nf3 g6 3. c4 Bg7 4. Nc3 0-0 5. Bg5 d6 6. h3 c5 7. e3 Bf5 8. Bd3 Bxd3 9. Qxd3 Nbd7 10. 0-0 a6 11. Rfe1 Qa5 12. Bh4 Rfc8 13. a4 Kf8 14. d5 Qb4 15. e4 Nh5 16. Reb1 h6 17. Ne2 b5 18. cxb5 c4 19. Qa3 Qxa3 20. Rxa3 g5 21. Bg3 Nxg3 22. fxg3 axb5 23. axb5 Nc5 24. b6 Rab8 25. Nd2 Nd7 26. Ra4 Nxb6 27. Rb4 e6 28. Nc3 Nd7 29. Rxb8 Rxb8 30. Rc1 Bd4+ 31. Kh2 Ne5 32. Nd1 Rb4 33. Rc2 h5 34. Nf3 Nxf3+ 35. gxf3 Ke7 36. Rd2 Be5 37. Kg2 f5 38. Rc2 g4 39. hxg4 hxg4 40. f4 Bf6 41. dxe6 fxe4 42. f5 d5 43. Rd2 d4 44. Kf1 e3 45. Nxe3 dxe3 46. Rd7+ Ke8 47. Rf7 Bxb2 48. f6 Rb5 49. Re7+ Kd8 50. Rd7+ Kc8 51. f7 Ba3 52. Ra7 Bd6 53. Ra6 Bb4 54. Rc6+ Kd8 55. Rxc4 Ke7 56. Re4 Bc5 57. Ke2 Rb6 58. Kd3 Rxe6 59. f8Q+ Kxf8 60. Rxe6 Kf7 61. Re4 Kf6 62. Rxg4 Kf5 63. Ra4 Bb6 64. Ke2 Kg5 65. Kf3 Kf5 66. Rb4 Ba7 67. Rb5+ Kg6 68. Kg4 Kf6 69. Kf3 Kg6 70. g4 Kf6 71. Ra5 Bd4 72. Ke2 Kf7 73. Kd3 Bb6 74. Rb5 Bd8 75. Kxe3 Bf6 76. Kf4 Bc3 77. Kf5 Ba1 78. Rb7+ Kf8 79. Kg6 Be5 80. Rf7+ Ke8 81. Rf5 Bb2 82. Kh7 Kd8 1-0

[Event "Catalunya-chT Honor"]
[Site "Catalunya"]
[Date "2013.01.19"]
[Round "1.9"]
[White "Pozanco Romasanta, Marc"]
[Black "Lopez Agustench, Eduard"]
[Result "1/2-1/2"]
[WhiteElo "2046"]
[BlackElo "2231"]
[PlyCount "77"]
[EventDate "2013.01.19"]
[EventType "team-tourn"]
[EventRounds "11"]
[EventCountry "ESP"]
[SourceTitle "CBM 152 Extra"]
[Source "ChessBase"]
[SourceDate "2013.02.25"]
[SourceVersion "1"]
[SourceVersionDate "2013.02.25"]
[SourceQuality "1"]
[WhiteTeam "Cerdanyola Valles"]
[BlackTeam "Barcelona Escola Escacs"]
[WhiteTeamCountry "ESP"]
[BlackTeamCountry "ESP"]

1. d4 d5 2. c4 e6 3. Nc3 Be7 4. cxd5 exd5 5. Bf4 c6 6. Qc2 g6 7. e3 Bf5 8. Bd3 Bxd3 9. Qxd3 Nd7 10. Nge2 Ngf6 11. 0-0 0-0 12. Rad1 Re8 13. f3 a6 14. e4 Nf8 15. e5 Nh5 16. Be3 f5 17. h3 Ne6 18. g4 Nhg7 19. f4 Rf8 20. g5 Nh5 21. Kg2 Kg7 22. Rb1 a5 23. a4 Qb6 24. Kf3 Qa6 25. Qxa6 Rxa6 26. Rfd1 h6 27. h4 Rh8 28. Nc1 Kf7 29. Nb3 Nhg7 30. Rh1 Ra7 31. Na1 h5 32. Nc2 Rha8 33. b4 axb4 34. Nxb4 Bxb4 35. Rxb4 Nd8 36. Rhb1 Nge6 37. Bc1 Ke8 38. Be3 Kd7 39. Ra1 1/2-1/2